000 00578nam a22002177a 4500
005 20260226165112.0
020 _a1-55581-304-6
041 _aeng
082 _223rd ed.
_a570
_bKRE
100 _aKreuzer, Helen
245 _aBiology and biotechnology
_cby Helen Kreuzer & Adrianne Massey
260 _aWashington, DC
_bASM Press
_c2005
300 _axvi, 669p.; ill.; tables.;
_c28 cm.
650 _aBiology
650 _aBiotechnology
650 _aScience
650 _aTechnology
700 _aMassey, Adrianne
856 _uwww.asm.org
942 _cBK
999 _c184488
_d184487